<?xml version="1.0" encoding="UTF-8"?>
<collection xmlns="http://www.loc.gov/MARC21/slim">
 <record>
  <leader>01715nab a2200181 i 4500</leader>
  <controlfield tag="001">misc41928</controlfield>
  <controlfield tag="005">20191106140512.0</controlfield>
  <controlfield tag="008">180706s2013    hu      o     0||   zxx d</controlfield>
  <datafield tag="022" ind1=" " ind2=" ">
   <subfield code="a">1215-5233</subfield>
  </datafield>
  <datafield tag="040" ind1=" " ind2=" ">
   <subfield code="a">SZTE Miscellanea Repozitórium</subfield>
   <subfield code="b">hun</subfield>
  </datafield>
  <datafield tag="041" ind1=" " ind2=" ">
   <subfield code="a">zxx</subfield>
  </datafield>
  <datafield tag="100" ind1="1" ind2=" ">
   <subfield code="a">Farkas Gábor Farkas</subfield>
  </datafield>
  <datafield tag="245" ind1="1" ind2="2">
   <subfield code="a">A Budai Krónika Princetonban</subfield>
   <subfield code="h">[elektronikus dokumentum] /</subfield>
   <subfield code="c"> Farkas Gábor Farkas</subfield>
  </datafield>
  <datafield tag="260" ind1=" " ind2=" ">
   <subfield code="c">2013</subfield>
  </datafield>
  <datafield tag="300" ind1=" " ind2=" ">
   <subfield code="a">91-95</subfield>
  </datafield>
  <datafield tag="490" ind1="0" ind2=" ">
   <subfield code="a">Iskolakultúra</subfield>
   <subfield code="v">23 No. 2</subfield>
  </datafield>
  <datafield tag="520" ind1="3" ind2=" ">
   <subfield code="a">1473. június 5-én, Pünkösd vigíliáján a Budai Vár egyik legboldogabb embere kétségtelenül egy német származású, Itáliából elcsábított tipográfus: Hess András lehetett. A nagyjából 200–240 példányban kinyomtatott Budai Krónikából mindössze 10 maradt fenn a világon. A budai ősnyomdász nyilvánvalóan nem is gondolhatott arra, hogy ebből egy példány a nagy tengeren túlra, New Jersey-be kerül, az 1746-ban alapított Princeton University könyvtárába. A Campus majdnem egy tucat bibliotékája közül a Firestone Library ad otthont az egyetem legértékesebb és legrégibb nyomtatványainak. Itt található a nevezetes Scheide Library, amelyet sokan Amerika egyik legszebb, magánkézben lévő gyűjteményeként tartanak számon a Scheide-család (nagyapa, fiú, unoka) bibliofíliájának köszönhetően. Az értékes Beethoven-, Bach- és Abraham Lincoln-kéziratok mellett kiemelkedő a könyvtár régi könyvgyűjteménye, amelyben megtalálhatók például az első négy nyomtatott Biblia példányai, illetve Amerikáról szóló igen korai és ritka 16. századi kiadványok is.</subfield>
  </datafield>
  <datafield tag="856" ind1="4" ind2="0">
   <subfield code="u">http://misc.bibl.u-szeged.hu/41928/1/EPA00011_iskolakultura_2013_2_091-095.pdf</subfield>
   <subfield code="z">Dokumentum-elérés </subfield>
  </datafield>
 </record>
</collection>
